000 00590nam a22001697a 4500
005 20251128160145.0
008 251128b |||||||| |||| 00| 0 eng d
020 _a9788174766113
050 _aTA183
_b.D95
100 _aDutta, B. N.
245 _aEstimating and Costing in Civil Engineering
_btheory and practice including specifications and valuation
_cB. N. Dutta, revised by S. Dutta
250 _a26th ed.
_brevised
260 _aNew Delhi
_bUBS Publishers' Distributors Pvt. Limited
_c2011
300 _axiii. 904p.
_bill.
_c24cm
700 _aDutta, S.
942 _2lcc
_cBK
_e26th ed.
_n0
999 _c8424
_d8424